• 首页
  • 本馆介绍
  • 公告通知
  • 最新文献
  • 馆藏检索
  • 电子资源
  • 读者导购
  • 参考咨询
  • 我的图书馆
  • 登录
  • 详细信息显示
  • 放入我的书架
  • 预约/预借图书
  • 作者相关作品
  • 分类相关作品
  • 丛书相关作品
  • 出版社相关作品

书目信息

  • 表格格式
  • 工作单格式
  • 卡片格式
题名:
CAD/CAM原理与应用
    
 
作者: 蔡颖 编著
分册:  
出版信息: 北京   机械工业出版社  2011.02
页数: 254页
开本: 26cm
丛书名:
单 册:
中图分类: TP391.7
科图分类: 73.879
主题词: CT--S036576--计算机辅助设计 , 计算机辅助制造--教材 , 计算机辅助设计--教材 , CT--S036581--计算机辅助制造
电子资源:
ISBN: 978-7-111-06372-8
000 00787nam0 22002771 450
001 0198052805
005 20110403153032.91
010    @a978-7-111-06372-8@dCNY25.00
100    @a19980928d2011 em y0chiy0110 ea
101 0  @achi
102    @aCN@b110000
105    @ay z 000yy
200 1  @aCAD/CAM原理与应用@9CAD/CAM yuan li yu ying yong@f蔡颖等编著
210    @a北京@c机械工业出版社@d2011.02
215    @a254页@d26cm
300    @a机电一体化系列教材
606 0  @2CT@3S036576@a计算机辅助设计
606 0  @a计算机辅助制造@x教材
606 0  @a计算机辅助设计@x教材
606 0  @2CT@3S036581@a计算机辅助制造
690    @aTP391.7@v5
692    @a73.879@v2
701  0 @a蔡颖@9cai ying@4编著
801  0 @aCN@b91MARC@c20110403
905    @aBZT@dTP391.7@e3
906    @dCNY25@n0@r1
    
    CAD/CAM原理与应用/蔡颖等编著.-北京:机械工业出版社,2011.02
    254页;26cm
    机电一体化系列教材
    
    ISBN 978-7-111-06372-8:CNY25.00
    
●
相关链接 在五车中查询图书 在当当中查询图书 在豆瓣中查询图书


正题名:CAD/CAM原理与应用     索取号:TP391.7/3         预约/预借

序号 登录号 条形码 馆藏地/架位号 状态 备注
1 758339   2000758339   样本书库/样006架B面2层2列/ [索取号:TP391.7/3] 在馆    
2 758340   2000758340   中心书库中库/ 中库026架B面5列2层15/ [索取号:TP391.7/3] 在馆    
3 758341   2000758341   中心书库中库/ 中库026架B面5列2层14/ [索取号:TP391.7/3] 在馆    
4 758342   2000758342   中心书库中库/ 中库026架B面5列2层12/ [索取号:TP391.7/3] 在馆    
5 758343   2000758343   中心书库中库/ 中库026架B面5列2层13/ [索取号:TP391.7/3] 在馆    
6 758344   2000758344   中心书库中库/ 中库026架B面5列2层16/ [索取号:TP391.7/3] 在馆    
山东省滨州职业学院图书馆 欢迎您!
大连网信软件有限公司© 版权所有